书目信息 |
| 题名: |
世界摄影大师经典作品集
|
|
| 作者: | 阿勃丝 摄 ;独觉色品图像研究中心 编著 | |
| 分册: | 黛安·阿勃丝 | |
| 出版信息: | 汕头 汕头大学出版社 2005 |
|
| 页数: | 218页 | |
| 开本: | 17cm | |
| 丛书名: | ||
| 单 册: | ||
| 中图分类: | J433(712) , J431 | |
| 科图分类: | ||
| 主题词: | 摄影集 , 摄影集--世界--现代 , 人像摄影 , 人像摄影--美国--现代--摄影集 | |
| 电子资源: | ||
| ISBN: | 7-81036-954-7 | |
| 000 | 00990nam0 2200277 450 | |
| 001 | 002925547 | |
| 005 | 20070805165702.98 | |
| 010 | @a7-81036-954-7@dCNY20.00 | |
| 100 | @a20050119d2005 em y0chiy0110 ea | |
| 101 | 0 | @achi |
| 102 | @aCN@b440000 | |
| 105 | @aa z 000yd | |
| 200 | 1 | @a世界摄影大师经典作品集@9dai an · a bo si@i黛安·阿勃丝@f独觉色品图像研究中心编著 |
| 210 | @a汕头@c汕头大学出版社@d2005 | |
| 215 | @a218页@d17cm | |
| 330 | @a本书是世界最负盛名的摄影先驱者,黛安·阿勃丝的摄影作品集,人们通过这些作品了解大师们是如何理解及运用镜头的,是如何将人的精神与世界的现实融合为一体的。 | |
| 606 | 0 | @a摄影集 |
| 606 | 0 | @a摄影集@y世界@z现代 |
| 606 | 0 | @a人像摄影 |
| 606 | 0 | @a人像摄影@y美国@z现代@j摄影集 |
| 690 | @aJ433(712)@v4 | |
| 690 | @aJ431@v4 | |
| 701 | 0 | @c(美)@a阿勃丝@9a bo si@c(女,Arbus, Diane@f1923~1971)@4摄 |
| 712 | 02 | @a独觉色品图像研究中心@9du jue se pin tu xiang yan jiu zhong xin@4编著 |
| 801 | 0 | @aCN@bNLC@c20070805 |
| 905 | @a10447@dJ431@e221 | |
| 世界摄影大师经典作品集.黛安·阿勃丝/独觉色品图像研究中心编著.-汕头:汕头大学出版社,2005 |
| 218页;17cm |
| ISBN 7-81036-954-7:CNY20.00 |
| 本书是世界最负盛名的摄影先驱者,黛安·阿勃丝的摄影作品集,人们通过这些作品了解大师们是如何理解及运用镜头的,是如何将人的精神与世界的现实融合为一体的。 |
| ● |
| 相关链接 |
|
|
|
|
正题名:世界摄影大师经典作品集
索取号:J431/221
 
预约/预借
| 序号 | 登录号 | 条形码 | 馆藏地/架位号 | 状态 | 备注 |
| 1 | 0808787 | 208087871 | 第一样本阅览室/ [索取号:J431/221] | 在馆 | |
| 2 | 0808788 | 208087880 | 第一借阅区/ [索取号:J431/221] | 在馆 | |
| 3 | 0808789 | 208087899 | 第一借阅区/ [索取号:J431/221] | 在馆 | |
| 4 | 0808790 | 208087906 | 第一借阅区/ [索取号:J431/221] | 在馆 | |
| 5 | 0808791 | 208087915 | 第一借阅区/ [索取号:J431/221] | 在馆 | |
| 6 | 0808792 | 208087924 | 第一借阅区/ [索取号:J431/221] | 在馆 | |
| 7 | 0808793 | 208087933 | 第一借阅区/ [索取号:J431/221] | 在馆 | |
| 8 | 0808794 | 208087942 | 密集书库-美术系/ [索取号:J431/221] | 在馆 | |
| 9 | 0808795 | 208087951 | 密集书库-美术系/ [索取号:J431/221] | 在馆 | |
| 10 | 0808796 | 208087960 | 美术系资料室/ [索取号:J431/221] | 在馆 |